00634nam a2200133Ia 4500008004100000100002300041245011000064245017400174260005300348260001500401300000800416650001500424856006100439170221s9999 xx 000 0 und d aAlexander N. Lunev 4aThe Mechanism of Industrial Educational Clusters Creation as Managerial Entities of Vocational Education  cAlexander N. Lunev, Rais S. Safin, Evgeny A. Korchagin, Damir K. Sharafutdinov, Tatyana V. Suchkova, Lubov V. Kurzaeva, Svetlana R. Nikishina, Natalia A. NatalKuznetsova bInternational Review of Management and Marketing cApril 2012 a1:1 xMarketing. uhttp://www.econjournals.com/index.php/irmm/issue/view/71